书目信息 |
| 题名: |
电力电子和电力拖动控制系统的MATLAB防真
|
|
| 作者: | 洪乃刚 编著 | |
| 分册: | ||
| 出版信息: | 北京 机械工业出版社 2006 |
|
| 页数: | 265页 | |
| 开本: | 24cm | |
| 丛书名: | ||
| 单 册: | ||
| 中图分类: | TM7 , TM921.5 | |
| 科图分类: | ||
| 主题词: | 数字仿真--软件工具--应用--电力系统--电子电路 , 数字仿真--软件工具--应用--电力传动--控制系统 , 数字仿真 , 软件工具 , 电力系统 , 电子电路 , 电力传动 , 控制系统 | |
| 电子资源: | ||
| ISBN: | 7-111-18042-9 | |
| 000 | 01130nam0 2200337 450 | |
| 001 | 003088405 | |
| 005 | 20080229102005.21 | |
| 010 | @a7-111-18042-9@dCNY23.00 | |
| 035 | @a003088405 | |
| 100 | @a20060228d2006 em y0chiy0110 ea | |
| 101 | 0 | @achi |
| 102 | @aCN@b110000 | |
| 105 | @ay z 000yy | |
| 106 | @ar | |
| 200 | 1 | @a电力电子和电力拖动控制系统的MATLAB防真@Adian li dian zi he dian li tuo dong kong zhi xi tong de MATLAB fang zhen@f洪乃刚等编著 |
| 210 | @a北京@c机械工业出版社@d2006 | |
| 215 | @a265页@d24cm | |
| 330 | @a本书介绍了MATLAB及其图形仿真界面SIMULINK的应用基础知识,详细介绍了SIMULINK模型库的电力电子和电机模块的功能和使用,并通过大量实例介绍了电力电子电路和交直流调速系统的仿真方法和技巧。 | |
| 606 | 0 | @a数字仿真@x软件工具@x应用@x电力系统@x电子电路 |
| 606 | 0 | @a数字仿真@x软件工具@x应用@x电力传动@x控制系统 |
| 606 | 0 | @a数字仿真 |
| 606 | 0 | @a软件工具 |
| 606 | 0 | @a电力系统 |
| 606 | 0 | @a电子电路 |
| 606 | 0 | @a电力传动 |
| 606 | 0 | @a控制系统 |
| 690 | @aTM7@v4 | |
| 690 | @aTM921.5@v4 | |
| 701 | 0 | @a洪乃刚@Ahong nai gang@4编著 |
| 801 | 0 | @aCN@bNLC@c20080229 |
| 905 | @dTM7@e32@f4 | |
| 电力电子和电力拖动控制系统的MATLAB防真/洪乃刚等编著.-北京:机械工业出版社,2006 |
| 265页;24cm |
| ISBN 7-111-18042-9:CNY23.00 |
| 本书介绍了MATLAB及其图形仿真界面SIMULINK的应用基础知识,详细介绍了SIMULINK模型库的电力电子和电机模块的功能和使用,并通过大量实例介绍了电力电子电路和交直流调速系统的仿真方法和技巧。 |
| ● |
| 相关链接 |
|
|
|
|
正题名:电力电子和电力拖动控制系统的MATLAB防真
索取号:TM7/32
 
预约/预借
| 序号 | 登录号 | 条形码 | 馆藏地/架位号 | 状态 | 备注 |
| 1 | 0793348 | 207933487 | 第二样本阅览室/ [索取号:TM7/32] | 在馆 | |
| 2 | 0793349 | 207933496 | 第三借阅区/ [索取号:TM7/32] | 在馆 | |
| 3 | 0793350 | 207933502 | 第三借阅区/ [索取号:TM7/32] | 在馆 | |
| 4 | 0793351 | 207933511 | 第三借阅区/ [索取号:TM7/32] | 在馆 |